Apuntes para la historia colonial de Barlovento
Saved in:
| Hovedforfatter: | |
|---|---|
| Format: | Bog |
| Sprog: | spansk |
| Udgivet: |
Caracas
Fuentes para la Historia Colonial de Venezuela
1981
|
| Serier: | Biblioteca de la Academia Nacional de la Historia, 151
|
| Fag: | |
| Tags: |
Tilføj Tag
Ingen Tags, Vær først til at tagge denne postø!
|
MARC
| LEADER | 00000nam a2200000 a 4500 | ||
|---|---|---|---|
| 001 | UCS9648 | ||
| 003 | CL-VaPUC | ||
| 008 | 971121e19810000VE |||||||||||||||||spa|d | ||
| 082 | 0 | 4 | |a 987.03 |b CAS |2 21 |
| 100 | 0 | |a Castillo Lara, Lucas Guillermo |e author |9 394889 | |
| 245 | 1 | 0 | |a Apuntes para la historia colonial de Barlovento |
| 300 | |a 724 p | ||
| 942 | |c BK | ||
| 945 | |d 19971121 00:00:00 |a cmena | ||
| 260 | |a Caracas |b Fuentes para la Historia Colonial de Venezuela |c 1981 | ||
| 650 | 0 | |a Historia venezolana |9 393448 | |
| 650 | 0 | |a Epoca colonial |9 352022 | |
| 650 | 0 | |a Descubrimientos geográficos |9 331933 | |
| 650 | 0 | |a Minas |9 255522 | |
| 650 | 7 | |a LITIGIO |2 CL-VaPUC |9 384222 | |
| 650 | 7 | |a TENENCIA DE LA TIERRA |2 CL-VaPUC |9 264417 | |
| 650 | 7 | |a CEDULARIO INDIANO |2 CL-VaPUC |9 394890 | |
| 650 | 0 | |a Iglesia |9 255004 | |
| 650 | 7 | |a EVANGELIZACION |2 CL-VaPUC |9 394891 | |
| 650 | 7 | |a GRUPOS ETNICOS |2 CL-VaPUC |9 324200 | |
| 650 | 0 | |a Tribus |9 353059 | |
| 650 | 0 | |a Geografía venezolana |9 394339 | |
| 651 | 7 | |a BARLOVENTO |2 CL-VaPUC |9 394892 | |
| 651 | 0 | |a Venezuela |9 254993 | |
| 583 | |a last modification |c 19971121 00:00:00 |k Rodrigo Vera | ||
| 490 | 0 | |a Biblioteca de la Academia Nacional de la Historia, 151 | |
| 999 | |c 263409 |d 263407 | ||
| 952 | |0 0 |1 0 |4 0 |6 987_030000000000000_CAS_1981 |7 0 |8 DER_HDC |9 292725 |a BIBDER |b BIBDER |d 2019-11-19 |i 1904221 |l 1 |o 987.03 CAS 1981 |p 1904221 |r 2023-01-25 |s 2020-03-19 |w 2019-11-19 |x Ubicación 4to Piso |y BK |z Estos recursos deben solicitarse con anticipación |k DER | ||